Statistics for Austin, Texas A to Z

Click here to take the quiz!

General Stats

  • This quiz has been taken 171 times
  • The average score is 18 of 26

Answer Stats

HintAnswer% Correct
Whole ..... Market is headquartered in AustinFFoods
93%
Life forms found under the Congress Avenue bridge.BBats
89%
Willie ......NNelson
89%
Cheese sauce served with tortilla chips.QQueso
89%
Live ..... Capital of the WorldMMusic
87%
University sports team name.LLonghorns
85%
River that makes Lady Bird Lake through downtown.CColorado
83%
Home of a Formula One track named Circuit of the ........AAmericas
79%
Northern suburb, home to Dell Computers.RRound Rock
78%
County most of Austin is in. Or, major lake along item C to the west of town.TTravis
77%
Large park south of downtown. Home to ACL festival.ZZilker
77%
Major post-secondary institution.UUniversity of Texas
76%
Presidential Library located north of downtown.JJohnson, Lyndon
74%
General name for the area surrounding Austin, with more elevation changes than some people expect of Texas.HHill Country
72%
Music, interactive and film festival held each March.SSXSW
70%
The 2014 & 2015 summer version of this sporting event were held in Austin.XX Games
69%
Oldest man-made pool in Texas. Or, a brand of vodka. Deep ....EEddy
67%
Occupied the Governor's Mansion after George W Bush.PPerry, Rick
58%
Original name of the city. Or, the name of a notable record store.WWaterloo
54%
Legendary guitarist, Stevie Ray .......VVaughan
50%
Historic hotel on 6th street. Some say it is haunted.DDriskill
46%
Former football player at L or U, who then spent 5 seasons with the Titans. Now the name of a steakhouse downtownYYoung, Vince
46%
Slogan found on many T-shirts.KKeep Austin Wierd
45%
Famous Bible found at the Harry Ransom Center.GGuttenberg
39%
Austin was first inhabited during the late Pleistocene, also known as this.IIce Age
38%
Short-story writer William Sydney Porter is better known by this pen name.OO Henry
32%

Score Distribution

Percentile by Number Answered

Percent of People with Each Score

Your Score History

You have not taken this quiz